000 00291nam a22001337a 4500
008 171005b xxu||||| |||| 00| 0 eng d
020 _a9780205260546
041 _aeng
080 _22ND
_a159.9
100 _a49
101 _aPSI
245 _aPSYCHOLOGY
_cCICCARELLI,S.K
942 _2udc
_cBK
999 _c32029
_d32029